000 01248nam a2200385 c 4500
001 5991
003 ES-MaCES
005 20141221121821.0
008 971103s1997 sp d ||| | spa d
017 _aM. 27848-1997
_bDL
020 _a8477935610
035 _aCES19980060400m
040 _aES-MaCES
_bspa
_cES-MaCES
100 1 _aBover, Olympia
_98224
245 1 0 _aCambios en la composición del empleo y actividad laboral femenina
_cOlympia Bover
260 _aMadrid
_bBanco de España, Servicio de Estudios
_c1997
300 _a38 p.
_bgráf.
_c24 cm
490 1 _aDocumento de trabajo
_v9714
504 _aBibliografía: p. 38
541 _cGratuito
650 4 _aestructura del empleo
_928304
650 4 _atrabajadora
_928413
650 4 _amujeres
_928657
650 4 _acalificación profesional
_928319
650 4 _acuadro de insumo producto
_927087
650 4 _aEspaña
_926964
650 4 _a1976-1992
_931255
650 4 _acuadros estadísticos
_928890
653 1 0 _aMujer
710 2 _aBanco de España
_eed.
_91586
830 0 _aDocumentos de trabajo (Banco de España. Servicio de Estudios)
_v9714
_932242
902 _aDOC Literatura gris
942 _2CES
_cBK
_h3.3.
999 _c5991
_d5991